01180nam a2200229Ia 4500003000900000008004100009020001800050040001600068080002600084111019900110245029600309260004200605300002300647650001900670650002800689650004000717650003100757700002600788942000700814999001500821952011400836IN-BaIIA211028s9999 xx 000 0 eng d a90-277-0800-2 cIIA Library a621.391(082.1)bASP-1 aNATO Advanced Study institute on Astronomical Society of the Pacificects of Signal Processing with Emphasiss on Underwater Acoustics pt 1cPortovenere, La Spezia, Italyd1976 Aug 30-Sep 1199780 0aAspects of Signal processingbproceedings of the NATO Advanced Study institute on Aspects of Signal processing with Emphasiss on Underwater Acoustics, pt. 1, held in Portovenere, La Spezia, Italy 30 August–11 Sept.ember 1976cedited by G. Tacconi  aDordrechtbD. Reidel Publishingc1977 a[various pagings.] aNASA thesaurus aSignal processing93537 aSurface acoustic Wave devices99781 aUnderwater Acoustics99782 aTacconi, G., ed99783 cBK c5633d5633 00104070aBANbBANcGENd1977-12-03l0o621.391(082.1)/ ASP-1p6303r2021-11-05w1977-12-03yBKGDFL 165.00